Sorgum root and stalk rots: A critical review: proceedings of the consultative group discussion on research needs and strategies for control ò sorghum root and stalk rot diseases

Uloženo v:
Podrobná bibliografie
Hlavní autor: Sorgum root and stalk rots: A critical review: proceedings of the consultative group discussion on research needs and strategies for control ò sorghum root and stalk rot diseases
Médium: Kniha
Jazyk:Undetermined
Vydáno: India ICRISAT 1984
Témata:
Tagy: Přidat tag
Žádné tagy, Buďte první, kdo otaguje tento záznam!
Thư viện lưu trữ: Trung tâm Học liệu Trường Đại học Cần Thơ
LEADER 00766nam a2200169Ia 4500
001 CTU_13607
008 210402s9999 xx 000 0 und d
082 |a 633.1749 
082 |b S713 
100 |a Sorgum root and stalk rots: A critical review: proceedings of the consultative group discussion on research needs and strategies for control ò sorghum root and stalk rot diseases 
245 0 |a Sorgum root and stalk rots: A critical review: proceedings of the consultative group discussion on research needs and strategies for control ò sorghum root and stalk rot diseases 
260 |a India 
260 |b ICRISAT 
260 |c 1984 
650 |a sorghum 
904 |i Nguyễn Quang Điền, 961206 
980 |a Trung tâm Học liệu Trường Đại học Cần Thơ